| 000 | 00636nam a2200229 a 4500 | ||
|---|---|---|---|
| 003 | DO-SdBNP | ||
| 005 | 20220117105801.0 | ||
| 007 | ta | ||
| 008 | 220114e2001 dr ||||er|||| 000 e eng d | ||
| 020 | _a1891079700 | ||
| 040 |
_aDO-SdBNP _bspa _cBNPHU |
||
| 041 | _heng. | ||
| 082 | 4 |
_222 _bB877p |
|
| 100 | 1 |
_aBrowne, Robert T. _980667 |
|
| 245 | 1 | 0 |
_aThe pantelicon of the new world order : S.S.S.S., 1948 - 1955 / _cRobert T. Browne |
| 260 |
_aSanto Domingo : _bHermetic Society, _c2001 |
||
| 300 |
_a532 p. ; _c23 cm |
||
| 590 | _aInventariado, 2022 / MF | ||
| 650 | 0 |
_935128 _aTeosofía |
|
| 910 | _aMFéliz | ||
| 942 |
_2ddc _cLBS1 |
||
| 999 |
_c51170 _d51170 |
||